00374nam a2200157Ia 4500003000400000005001700004008004100021020002200062040000700084041000800091082002400099100001900123245003400142260003000176300001000206OSt20230516162422.0230411s9999 xx 000 0 und d a978-81-312-5509-4 c 0 aeng aPH/615.1/SKI/B08964 aSkidmore Linda aMosbys Nursing Drug Reference bElsevieraNew Delhic2019 a1426p